| 000 | 02126nam a2200469Ii 4500 | ||
|---|---|---|---|
| 001 | DIGIBE1058 | ||
| 003 | NyNyDIG | ||
| 006 | m o d | ||
| 007 | cr ||||||||||| | ||
| 008 | 230309s2022 sp ob 000 0 spa d | ||
| 035 | _a(OCoLC)1333084029 | ||
| 040 |
_aDGITA _beng _erda _epn _cDGITA |
||
| 020 |
_a9783968692395 _qe-Book |
||
| 020 |
_z9788491922452 _qIberoamericana |
||
| 020 |
_z9783968692388 _qVervuert |
||
| 020 |
_z9786073056397 _qUNAM |
||
| 043 |
_ae-sp--- _an-mx--- |
||
| 050 | 1 | 4 | _aPQ6088 ebook |
| 100 | 1 |
_aTerrazas, Francisco de, -approximately 1604, _eauthor. |
|
| 245 | 1 | 0 |
_aFragmentos de Nuevo mundo y conquista / _cFrancisco de Terrazas ; edición crítica, introducción y notas de Antonio Río Torres-Murciano. |
| 264 | 1 |
_aMadrid : _bIberoamericana ; _aFrankfurt am Main : _bVervuert ; _aCiudad de México : _bUNAM, _c2022. |
|
| 300 | _a1 online resource. | ||
| 336 |
_atext _btxt _2rdacontent |
||
| 337 |
_acomputer _bc _2rdamedia |
||
| 338 |
_aonline resource _bcr _2rdacarrier |
||
| 347 |
_atext file _2rdaft |
||
| 347 | _bPDF | ||
| 490 | 1 |
_aTextos y estudios coloniales y de la independencia ; _vvol. 24 |
|
| 504 | _aIncludes bibliographical references. | ||
| 588 | 0 | _aOnline resource; title from PDF title page (Digitalia, viewed March 9, 2023) | |
| 650 | 0 |
_aEpic poetry, Spanish _xHistory and criticism. |
|
| 650 | 0 |
_aSpanish poetry _yClassical period, 1500-1700 _xHistory and criticism. |
|
| 651 | 0 |
_aMéxico _xHistory _yConquest, 1519-1540. |
|
| 700 | 1 |
_aRío Torres-Murciano, Antonio, _eeditor, _econtributor agent of text. |
|
| 791 | 2 |
_aDigitalia (Firm), _edistributor. |
|
| 793 | 0 |
_gDigitalia eBook Collection: _aIberoamericana/Vervuert |
|
| 776 | 0 | 8 |
_iPrint version: _aTerrazas, Francisco de, -approximately 1604. _tFragmentos de Nuevo mundo y conquista. _dMadrid : Iberoamericana ; Frankfurt am Main : Vervuert ; Ciudad de México : UNAM, 2022 _z9788491922452 |
| 830 | 0 |
_aTextos y estudios coloniales y de la independencia ; _vv. 24. |
|
| 856 | 4 | 0 |
_3Digitalia Hispánica _uhttps://www.digitaliapublishing.com/a/113954/ |
| 910 | _aPremium collection: 2023 | ||
| 942 | _cRAA | ||
| 999 |
_c274389 _d274389 |
||